[Event "26. Herner Stadtmeisterschaft 2025"]
[Site "?"]
[Date "2025.02.03"]
[Round "2.15"]
[White "Baumeister, Sven"]
[Black "Radi, Günter"]
[Result "0-1"]
[WhiteElo "1737"]
[BlackElo "1902"]
[PlyCount "98"]
[GameId "2141680965774198"]
[EventDate "2025.??.??"]
[WhiteTeam "SV Datteln 1924"]
[BlackTeam "SV Günnigfeld 1922 e."]

1. e4 e5 2. Nf3 Nc6 3. Bc4 Bc5 4. c3 d6 5. a4 a6 6. h3 Nf6 7. d3 h6 8. O-O O-O 9. Nbd2 Be6 10. Re1 Bxc4 11. Nxc4 Nd7 12. Be3 Bxe3 13. Nxe3 Ne7 14. Nh4 Kh7 15. g3 g6 16. Qc2 Ng8 17. Kh2 Nc5 18. Rg1 Ne6 19. Raf1 c6 20. Nhg2 Qe7 21. f4 Ng7 22. f5 g5 23. h4 f6 24. hxg5 hxg5 25. Nh4 gxh4 26. gxh4 Nh5 27. Qe2 Ng7 28. Rg6 Qf7 29. Rfg1 Ne7 30. Rxg7+ Qxg7 31. Rxg7+ Kxg7 32. Qg4+ Kh6 33. Qf3 Rh8 34. Nc4 Rad8 35. Nd2 Kg7 36. Qg3+ Kf7 37. Nf3 Rdg8 38. Qf2 Nc8 39. a5 Rg4 40. Qe2 Rf4 41. c4 Ne7 42. b4 d5 43. cxd5 cxd5 44. exd5 Nxf5 45. Nxe5+ fxe5 46. Qxe5 Rhxh4+ 47. Kg2 Rhg4+ 48. Kh3 Rg3+ 49. Kh2 Rh4# 0-1

[Event "26. Herner Stadtmeisterschaft 2025"]
[Site "?"]
[Date "2025.02.03"]
[Round "2.18"]
[White "Peter, Thomas"]
[Black "Heiduk, Christopher"]
[Result "1-0"]
[WhiteElo "2104"]
[BlackElo "1673"]
[PlyCount "73"]
[GameId "2141666147166950"]
[EventDate "2025.??.??"]
[WhiteTeam "SV Wattenscheid 1930 e"]
[BlackTeam "SV Datteln 1924"]

1. e4 c6 2. Nc3 d5 3. Nf3 dxe4 4. Nxe4 Nf6 5. Qe2 Nxe4 6. Qxe4 g6 7. Bc4 Bg7 8. d4 Bf5 9. Qe2 Bg4 10. Bxf7+ Kf8 11. c3 Nd7 12. Bb3 Nf6 13. h3 Bf5 14. Bf4 Nd5 15. Be5 h6 16. O-O Qd7 17. Rae1 Re8 18. Bxg7+ Kxg7 19. Qe5+ Kh7 20. Bxd5 cxd5 21. Re3 Rhf8 22. Qg3 Rf6 23. Qh4 Kg7 24. Rfe1 e6 25. Ne5 Qe7 26. f3 g5 27. Qg3 Kh7 28. Qh2 Kh8 29. h4 gxh4 30. Qxh4 Qg7 31. Kf2 Rg8 32. Rg1 Bh7 33. g4 Qg5 34. Qxg5 Rxg5 35. Rh1 Kg7 36. Kg3 Kg8 37. Re2 1-0

[Event "26. Herner Stadtmeisterschaft 2025"]
[Site "?"]
[Date "2025.02.03"]
[Round "2.19"]
[White "Kantor, Nikita"]
[Black "Bieger, Peter"]
[Result "1-0"]
[WhiteElo "1934"]
[BlackElo "1828"]
[PlyCount "99"]
[GameId "2141669168970498"]
[EventDate "2025.??.??"]
[WhiteTeam "SpVigung Sterkrade-Nord"]
[BlackTeam "SF Fliegenpils e. V."]

1. e4 e6 2. d4 d5 3. Nd2 dxe4 4. Nxe4 Nd7 5. Nf3 Ngf6 6. Nxf6+ Nxf6 7. Ne5 a6 8. c3 Be7 9. Qa4+ Bd7 10. Nxd7 Nxd7 11. Be3 O-O 12. Be2 c5 13. Rd1 Nb6 14. Qb3 Qc7 15. Bf3 c4 16. Qc2 Nd5 17. Bc1 b5 18. O-O Rac8 19. g3 Rfd8 20. Rfe1 b4 21. Bd2 Qa5 22. Bxd5 Rxd5 23. Re3 bxc3 24. bxc3 Rb8 25. Re5 Bd6 26. Rxd5 Qxd5 27. Rb1 Rxb1+ 28. Qxb1 Qb5 29. Qxb5 axb5 30. Kg2 f5 31. Kf3 Kf7 32. Bf4 Ke7 33. Bxd6+ Kxd6 34. h4 e5 35. dxe5+ Kxe5 36. a3 g6 37. Ke3 h6 38. f3 f4+ 39. gxf4+ Kf5 40. Kd4 Kxf4 41. Kc5 g5 42. hxg5 Kxg5 43. Kxb5 h5 44. a4 h4 45. a5 h3 46. a6 h2 47. a7 h1=Q 48. a8=Q Qb1+ 49. Kxc4 Kg6 50. Qc6+ 1-0

[Event "26. Herner Stadtmeisterschaft 2025"]
[Site "?"]
[Date "2025.02.03"]
[Round "2.20"]
[White "Slaby, Dietmar"]
[Black "Franzel, Christian"]
[Result "1-0"]
[WhiteElo "1794"]
[BlackElo "1683"]
[PlyCount "101"]
[GameId "2141688556870589"]
[EventDate "2025.??.??"]
[WhiteTeam "SV Königsspringer Halt"]
[BlackTeam "SV Schwarz-Weiß Oberha"]

1. e4 d6 2. g3 Nf6 3. Bg2 e5 4. d3 Be7 5. f4 g6 6. Nc3 c6 7. Nf3 Qb6 8. fxe5 Ng4 9. Qe2 Nxe5 10. h3 Na6 11. b3 Bf6 12. Bb2 Qa5 13. Qd2 Nxf3+ 14. Bxf3 Be5 15. Kf2 O-O 16. Kg2 f5 17. d4 fxe4 18. Nxe4 Qxd2+ 19. Nxd2 Bg7 20. c3 d5 21. Rae1 Bd7 22. Re7 Rf7 23. Rhe1 Bh6 24. Nf1 Raf8 25. Nh2 Bf5 26. Rxf7 Rxf7 27. Ng4 Bf8 28. Re8 Kg7 29. Bc1 Bxg4 30. Bxg4 Re7 31. Rxe7+ Bxe7 32. Bf4 Bd8 33. Bc8 Bc7 34. Kf3 Bxf4 35. Kxf4 Kf6 36. h4 h6 37. Bxb7 Nb8 38. c4 Ke6 39. g4 dxc4 40. bxc4 Kd7 41. d5 c5 42. Ke5 Ke7 43. d6+ Kf7 44. Bd5+ Ke8 45. Ke6 g5 46. h5 Kd8 47. Kf6 Nd7+ 48. Kg7 Ne5 49. Be6 Nd3 50. Kxh6 Nf4 51. Bf5 1-0

[Event "26. Herner Stadtmeisterschaft 2025"]
[Site "?"]
[Date "2025.02.03"]
[Round "2.21"]
[White "Wickenfeld, Udo"]
[Black "Zygan, Michael"]
[Result "0-1"]
[WhiteElo "1698"]
[BlackElo "1913"]
[PlyCount "110"]
[GameId "2141678813268825"]
[EventDate "2025.??.??"]
[WhiteTeam "SC Recklinghausen Altsta"]
[BlackTeam "SK Sodingen/Castrop 24/23 e.V."]

1. d4 d5 2. Nf3 Nf6 3. Bg5 e6 4. g3 h6 5. Bc1 c5 6. e3 Nc6 7. Bg2 Bd6 8. Nc3 O-O 9. O-O a6 10. a3 b5 11. Bd2 Bb7 12. dxc5 Bxc5 13. b4 Bd6 14. Re1 Rc8 15. Rc1 Ne5 16. Nxe5 Bxe5 17. Na2 Qc7 18. c3 Rfd8 19. f4 Bd6 20. Rc2 a5 21. Qb1 a4 22. Qd1 Be7 23. Qe2 Qc6 24. Nc1 Ne4 25. Nd3 Qc4 26. Ne5 Qb3 27. Bxe4 dxe4 28. Bc1 Rxc3 29. Rxc3 Qxc3 30. Rd1 Rxd1+ 31. Qxd1 Bd5 32. Ng4 Qd3 33. Nf2 Qxd1+ 34. Nxd1 f5 35. Nc3 Bc4 36. Nb1 Bf6 37. Nd2 Bd3 38. Nf1 Kf7 39. Kg2 Ke7 40. h4 Kd6 41. Kf2 Kd5 42. Nd2 g6 43. Kg2 Bc3 44. Kf2 e5 45. Kg2 exf4 46. gxf4 Bxd2 47. Bxd2 Kc4 48. Kf2 Kb3 49. Ke1 Kxa3 50. Kd1 Kb3 51. Bc1 a3 52. Bxa3 Kxa3 53. Kc1 Kxb4 54. Kb2 Be2 55. Ka2 Kc3 0-1

[Event "26. Herner Stadtmeisterschaft 2025"]
[Site "?"]
[Date "2025.02.03"]
[Round "2.22"]
[White "Engelmann, Chris"]
[Black "Nouman, Abdulrrahman"]
[Result "1-0"]
[WhiteElo "1840"]
[BlackElo "1421"]
[PlyCount "69"]
[GameId "2141652444686506"]
[EventDate "2025.??.??"]
[WhiteTeam "SV Unser Fritz Wanne-E"]
[BlackTeam "SG Wanne"]

1. e4 c5 2. c3 d6 3. d4 cxd4 4. cxd4 Nc6 5. d5 Ne5 6. f4 Ng6 7. Nf3 e6 8. Nc3 f5 9. Bb5+ Bd7 10. dxe6 Bxb5 11. Nxb5 Qa5+ 12. Nc3 fxe4 13. Ng5 Nh6 14. O-O O-O-O 15. Ncxe4 Be7 16. Bd2 Qb6+ 17. Kh1 Kb8 18. Qe1 Rc8 19. Bc3 Nf5 20. Rd1 Rhg8 21. Rd5 Ne3 22. Bd4 Nxd5 23. Bxb6 Nxb6 24. f5 Ne5 25. Nf3 Nxf3 26. Rxf3 Rc2 27. Rf2 Rgc8 28. Nc3 Rxf2 29. Qxf2 d5 30. Qg3+ Ka8 31. Qxg7 Bh4 32. g3 d4 33. gxh4 dxc3 34. bxc3 Nd5 35. Qd7 1-0

[Event "26. Herner Stadtmeisterschaft 2025"]
[Site "?"]
[Date "2025.02.03"]
[Round "2.23"]
[White "Scheithauer, Ralf"]
[Black "Evers, Klaus"]
[Result "1/2-1/2"]
[WhiteElo "1309"]
[BlackElo "1790"]
[PlyCount "45"]
[GameId "2141648273434654"]
[EventDate "2025.??.??"]
[WhiteTeam "Bochumer SV 02"]
[BlackTeam "SV Günnigfeld 1922 e."]

1. e4 d5 2. exd5 Qxd5 3. Nc3 Qd6 4. Nf3 Nf6 5. d4 c6 6. h3 Nbd7 7. Be2 e6 8. Be3 Qc7 9. a3 Bd6 10. Bd3 O-O 11. Ne4 Nxe4 12. Bxe4 e5 13. dxe5 Nxe5 14. Nxe5 Bxe5 15. c3 Be6 16. O-O Bc4 17. Re1 Rfe8 18. Bc2 Rad8 19. Qh5 g6 20. Qg4 Be6 21. Qf3 Bd5 22. Qg4 Be6 23. Qf3 1/2-1/2

[Event "26. Herner Stadtmeisterschaft 2025"]
[Site "?"]
[Date "2025.02.03"]
[Round "2.24"]
[White "Kowalczyk, Frank"]
[Black "Bunzel, Robert"]
[Result "1/2-1/2"]
[WhiteElo "1666"]
[BlackElo "1555"]
[PlyCount "158"]
[GameId "2141690040183755"]
[EventDate "2025.??.??"]
[WhiteTeam "SK Sodingen/Castrop 24/23 e. V."]
[BlackTeam "SV Wattenscheid 1930 e"]

1. e4 Nc6 2. d4 d5 3. e5 Bf5 4. c3 e6 5. Nf3 f6 6. exf6 Nxf6 7. Bd3 Qd7 8. O-O Be7 9. Bxf5 exf5 10. Bg5 O-O-O 11. b4 Ne4 12. Bxe7 Qxe7 13. b5 Nb8 14. Qa4 Rd6 15. Qxa7 Rf8 16. Ne5 Rh6 17. Qa3 Qe8 18. f3 Nd6 19. Nd2 Nxb5 20. Qb3 c6 21. a4 Nc7 22. Rfe1 Qe6 23. Ng4 Qd6 24. Nxh6 Qxh6 25. Nf1 Rf6 26. Rab1 b5 27. axb5 cxb5 28. Qb4 Nc6 29. Qc5 Qf4 30. Re2 h5 31. Qa3 g5 32. Qc1 Qh4 33. Qe1 Qf4 34. Qg3 Qxg3 35. hxg3 f4 36. gxf4 Rxf4 37. Nd2 h4 38. Nb3 h3 39. gxh3 Rxf3 40. Rc1 Rxh3 41. Kg2 g4 42. Nc5 b4 43. cxb4 Nxb4 44. Rh1 Nc6 45. Rxh3 gxh3+ 46. Kxh3 Nxd4 47. Rf2 Ncb5 48. Rf7 Nd6 49. Ra7 N4b5 50. Rh7 Nc3 51. Kg4 Nde4 52. Nxe4 dxe4 53. Rh8+ Kd7 54. Kf4 Ke6 55. Ke3 Ke5 56. Rh5+ Kf6 57. Kd4 Ne2+ 58. Ke3 Nc3 59. Rc5 Nd1+ 60. Kxe4 Nb2 61. Rf5+ Ke6 62. Rh5 Kd6 63. Kd4 Ke6 64. Kc3 Nd1+ 65. Kd2 Nb2 66. Rc5 Kd6 67. Rb5 Nc4+ 68. Kd3 Ne5+ 69. Ke4 Nc6 70. Rh5 Ne7 71. Rh6+ Kc5 72. Re6 Nc6 73. Rh6 Ne7 74. Rf6 Nc6 75. Rf5+ Kc4 76. Rf1 Kc5 77. Rf6 Nb4 78. Rf5+ Kc4 79. Rf8 Kc5 1/2-1/2

[Event "26. Herner Stadtmeisterschaft 2025"]
[Site "?"]
[Date "2025.02.03"]
[Round "2.26"]
[White "Bialas, Jan-Philip"]
[Black "Lojack, Rouven"]
[Result "1-0"]
[Annotator "georg"]
[WhiteElo "1841"]
[BlackElo "1749"]
[PlyCount "37"]
[GameId "2141648716585006"]
[EventDate "2025.??.??"]
[WhiteTeam "SV Datteln 1924"]
[BlackTeam "SV Königsspringer Halt"]

{[%evp 0,36,16,4,10,-41,16,17,37,13,-45,3,23,26,27,0,17,16,11,21,180,175,175,196,254,258,198,205,294,298,273,259,332,349,340,385,358,352,1008]} 1. d4 Nf6 2. Bf4 d6 3. Nc3 b6 4. e3 Bb7 5. Nf3 e6 6. Bd3 Be7 7. h3 Nbd7 8. Qe2 c5 9. Nb5 d5 10. Nc7+ Kf8 11. Nxa8 c4 12. Nc7 cxd3 13. Qxd3 e5 14. dxe5 Nc5 15. Qd4 Nh5 16. Nb5 Nxf4 17. Qxf4 Ne4 18. Nfd4 a6 19. Ne6+ 1-0

[Event "26. Herner Stadtmeisterschaft 2025"]
[Site "?"]
[Date "2025.02.03"]
[Round "2.28"]
[White "Böcher, Joachim"]
[Black "Wiese, Thomas"]
[Result "1/2-1/2"]
[WhiteElo "1510"]
[BlackElo "1811"]
[PlyCount "49"]
[GameId "2141649656715364"]
[EventDate "2025.??.??"]
[WhiteTeam "SV Günnigfeld 1922 e."]
[BlackTeam "SV Kamen 1930"]

1. d4 Nf6 2. c4 g6 3. Nc3 Bg7 4. Nf3 O-O 5. Qc2 d6 6. g3 Nc6 7. a3 e5 8. dxe5 Nxe5 9. Nxe5 dxe5 10. Bg2 c6 11. O-O Be6 12. b3 Qc7 13. Bb2 Nd7 14. Rad1 Rfd8 15. Ne4 Nf8 16. Nc5 Bf5 17. Be4 Bxe4 18. Nxe4 Ne6 19. e3 f5 20. Nc3 Rxd1 21. Rxd1 Rd8 22. Rxd8+ Qxd8 23. Qd1 Qxd1+ 24. Nxd1 e4 25. b4 1/2-1/2

[Event "26. Herner Stadtmeisterschaft 2025"]
[Site "?"]
[Date "2025.02.03"]
[Round "2.29"]
[White "Ptaszyk, Henning"]
[Black "Landwehr, Ingo"]
[Result "1/2-1/2"]
[WhiteElo "1736"]
[BlackElo "1703"]
[PlyCount "49"]
[GameId "2141653635098808"]
[EventDate "2025.??.??"]
[WhiteTeam "SK Sodingen/Castrop 24/23 e. V."]
[BlackTeam "Bochumer SV 02"]

1. e4 g6 2. d4 Bg7 3. Nc3 d6 4. Be3 a6 5. Qd2 h6 6. O-O-O b5 7. h4 Bb7 8. f3 Nd7 9. Kb1 c5 10. g4 e6 11. Qh2 Qb6 12. dxc5 dxc5 13. Rd6 Qa5 14. Rxd7 Kxd7 15. Bxc5 Qc7 16. Qd2+ Ke8 17. Bb4 Bf8 18. Bxf8 Kxf8 19. Qd4 f6 20. Bd3 Rd8 21. Qe3 e5 22. Nh3 Kg7 23. Rg1 Ne7 24. h5 g5 25. Nf2 1/2-1/2

[Event "26. Herner Stadtmeisterschaft 2025"]
[Site "?"]
[Date "2025.02.03"]
[Round "2.30"]
[White "Cosic, Tarik"]
[Black "Kramer, Martin"]
[Result "0-1"]
[WhiteElo "1468"]
[BlackElo "1816"]
[PlyCount "65"]
[GameId "2141658771389073"]
[EventDate "2025.??.??"]
[WhiteTeam "SV Waltrop 1922 e. V."]
[BlackTeam "Dortmunder SV 1875"]

1. e4 c5 2. Nc3 Nc6 3. a3 g6 4. Bc4 Bg7 5. f4 e6 6. d3 Nge7 7. Nf3 d5 8. Ba2 O-O 9. O-O Nd4 10. Kh1 dxe4 11. Nxe4 b6 12. Ne5 Ndc6 13. Rf3 Nxe5 14. fxe5 Bxe5 15. Bh6 Bg7 16. Nf6+ Kh8 17. Qd2 Ng8 18. Bxg7+ Kxg7 19. Raf1 Nxf6 20. Rxf6 Qxf6 21. Rxf6 Kxf6 22. h4 Kg7 23. b4 cxb4 24. Qxb4 Bb7 25. Qe7 Bd5 26. Bxd5 exd5 27. Qe5+ Kg8 28. Qxd5 Rac8 29. c4 Rfd8 30. Qb7 Ra8 31. d4 Rdb8 32. Qa6 Rc8 33. g3 0-1

[Event "26. Herner Stadtmeisterschaft 2025"]
[Site "?"]
[Date "2025.02.03"]
[Round "2.31"]
[White "Wieschermann, Axel"]
[Black "Deno, Thomas"]
[Result "1-0"]
[WhiteElo "1665"]
[BlackElo "1722"]
[PlyCount "71"]
[GameId "2141676884298557"]
[EventDate "2025.??.??"]
[WhiteTeam "SG Winz-Baak 48"]
[BlackTeam "SC Buer-Hassel 1919 e. V."]

1. d4 Nf6 2. Nc3 g6 3. e4 d6 4. Bg5 Nbd7 5. f4 h6 6. Bh4 Bg7 7. e5 dxe5 8. fxe5 Nh7 9. Bc4 g5 10. Bg3 Nb6 11. Bd3 O-O 12. Nce2 Bg4 13. Qd2 Rc8 14. Be4 c6 15. Qd3 f5 16. exf6 Nxf6 17. Bg6 Nfd5 18. h3 Bxe2 19. Nxe2 Nb4 20. Qb3+ Qd5 21. Qxb4 Qxg2 22. Rg1 Qxh3 23. O-O-O Qe6 24. Qb3 Nc4 25. Bd3 b5 26. Rde1 Kh8 27. Bxc4 bxc4 28. Qc3 Qd5 29. Be5 Rf3 30. Bxg7+ Kxg7 31. Qb4 c5 32. dxc5 Rxc5 33. Nc3 Qd6 34. Kb1 a5 35. Qb7 Rc7 36. Qxf3 1-0

[Event "26. Herner Stadtmeisterschaft 2025"]
[Site "?"]
[Date "2025.02.03"]
[Round "2.32"]
[White "Mai, Michael"]
[Black "Mücke, Lukas-Benedikt"]
[Result "0-1"]
[WhiteElo "1426"]
[BlackElo "1650"]
[PlyCount "83"]
[GameId "2141685519608736"]
[EventDate "2025.??.??"]
[WhiteTeam "SV Günnigfeld 1922 e."]
[BlackTeam "vereinslos"]

1. d4 d5 2. c4 c6 3. Nc3 Nf6 4. cxd5 cxd5 5. Nf3 Nc6 6. Bf4 a6 7. e3 e6 8. Bd3 Be7 9. O-O Nh5 10. Ne2 Nxf4 11. Nxf4 O-O 12. Rc1 f6 13. Bb1 e5 14. dxe5 fxe5 15. Nxd5 Bd6 16. Be4 Be6 17. Qd3 h6 18. Rfd1 Rc8 19. a3 Bb8 20. Bh7+ Kh8 21. Qe4 Bxd5 22. Rxd5 Ne7 23. Rxc8 Qxc8 24. Rd1 Qe6 25. Qb1 g6 26. Bxg6 Nxg6 27. Qe4 Qf7 28. Rd2 Rc8 29. h4 Rc4 30. Qd3 Rc1+ 31. Rd1 Qc7 32. g3 Rxd1+ 33. Qxd1 Qd6 34. Qc2 Qc6 35. Qf5 e4 36. Nd4 Qe8 37. Qf6+ Kh7 38. Ne6 Qg8 39. h5 Be5 40. hxg6+ Qxg6 41. Qxe5 Qg4 42. Nf4 1-0

[Event "26. Herner Stadtmeisterschaft 2025"]
[Site "?"]
[Date "2025.02.03"]
[Round "2.33"]
[White "Schäufele, Jörg"]
[Black "Neumann, Frank"]
[Result "1-0"]
[WhiteElo "1824"]
[BlackElo "1321"]
[PlyCount "29"]
[GameId "2141649319405654"]
[EventDate "2025.??.??"]
[WhiteTeam "SC Roter Turm Altstadt"]
[BlackTeam "SV Waltrop 1922 e. V."]

1. e4 e5 2. Bc4 Nf6 3. d4 Bb4+ 4. c3 Bd6 5. dxe5 Bxe5 6. f4 Nxe4 7. Qd5 Nd6 8. Qxe5+ Qe7 9. Qxe7+ Kxe7 10. Bd3 f5 11. Nf3 g6 12. O-O Nf7 13. Re1+ Kf6 14. Be3 Nc6 15. Nd4 1-0

[Event "26. Herner Stadtmeisterschaft 2025"]
[Site "?"]
[Date "2025.02.03"]
[Round "2.34"]
[White "Bock, Oswin"]
[Black "Domnik, Roland"]
[Result "1/2-1/2"]
[WhiteElo "1369"]
[BlackElo "1635"]
[PlyCount "127"]
[GameId "2141682069941124"]
[EventDate "2025.??.??"]
[WhiteTeam "SV Günnigfeld 1922 e."]
[BlackTeam "SV Datteln 1924"]

1. Nf3 c5 2. g3 Nf6 3. Bg2 e6 4. O-O Nc6 5. c3 d5 6. d3 Bd6 7. Bg5 h6 8. Bxf6 Qxf6 9. Nbd2 e5 10. e4 d4 11. Nc4 Bc7 12. a3 b5 13. Ncd2 Be6 14. Nh4 O-O 15. Nf5 Rad8 16. Qb1 dxc3 17. bxc3 a6 18. Ne3 Ne7 19. Nd5 Bxd5 20. exd5 Nxd5 21. Ne4 Qe7 22. c4 bxc4 23. dxc4 Nb6 24. Qb3 f5 25. Nc3 e4 26. Nd5 Nxd5 27. cxd5 Rd6 28. Rac1 Bb6 29. Kh1 g5 30. a4 g4 31. Rcd1 Ba5 32. Qe3 Bb4 33. h3 h5 34. h4 Qf6 35. Qe2 Rfd8 36. Qa2 Qe5 37. Qb3 Qf6 38. Qa2 a5 39. Kh2 Qf7 40. Qb2 Kh7 41. Qc1 Rxd5 42. Rxd5 Rxd5 43. Qf4 Bd2 44. Qb8 c4 45. Rb1 Rd7 46. Qe5 Re7 47. Qd6 c3 48. Rb6 Rd7 49. Qc5 Rd5 50. Qc4 Rd7 51. Qc5 Re7 52. Bf1 Rc7 53. Rc6 Rxc6 54. Qxc6 Kg7 55. Qc5 c2 56. Qxc2 Bb4 57. Qb2+ Qf6 58. Qxf6+ Kxf6 59. Kg2 Bd6 60. Bb5 Kg7 61. Kf1 f4 62. Bc6 e3 63. fxe3 f3 64. Kf2 1/2-1/2

[Event "26. Herner Stadtmeisterschaft 2025"]
[Site "?"]
[Date "2025.02.03"]
[Round "2.35"]
[White "Koch, Burkhard"]
[Black "Simeonidis, Marios"]
[Result "1-0"]
[WhiteElo "1787"]
[BlackElo "1298"]
[PlyCount "69"]
[GameId "2141675472763695"]
[EventDate "2025.??.??"]
[WhiteTeam "SG Wanne"]
[BlackTeam "SV Günnigfeld 1922 e."]

1. e4 e5 2. Nf3 Nc6 3. Bb5 d6 4. c3 Nf6 5. d3 Be7 6. h3 Bd7 7. Be3 a6 8. Ba4 O-O 9. Nbd2 h6 10. O-O b5 11. Bb3 Be6 12. d4 Bxb3 13. Qxb3 Na5 14. Qc2 exd4 15. cxd4 Rc8 16. b4 Nc4 17. Nxc4 bxc4 18. Qxc4 Nxe4 19. d5 f5 20. Nd4 Bf6 21. Ne6 Qd7 22. Nxf8 Kxf8 23. Rad1 Nc3 24. Rd2 Qf7 25. Rc1 Ne4 26. Rdc2 Bh4 27. Qxa6 Re8 28. Qd3 f4 29. Rxc7 Qg6 30. Bd4 Bf6 31. Bxf6 gxf6 32. Rc8 Rxc8 33. Rxc8+ Ke7 34. f3 Qg3 35. Qxe4+ 1-0

[Event "26. Herner Stadtmeisterschaft 2025"]
[Site "?"]
[Date "2025.02.03"]
[Round "2.36"]
[White "Sikorski, Thomas"]
[Black "Mohammad, Othman"]
[Result "1-0"]
[WhiteElo "1811"]
[BlackElo "1206"]
[PlyCount "75"]
[GameId "2141651325728923"]
[EventDate "2025.??.??"]
[WhiteTeam "SF Essen-Katernberg 0"]
[BlackTeam "SG Wanne"]

1. c4 e5 2. Nc3 Bc5 3. Nf3 Nc6 4. g3 d6 5. Na4 e4 6. Ng1 Nf6 7. Bg2 Ng4 8. e3 Qf6 9. Nh3 Nge5 10. Nf4 Bg4 11. Qc2 Nf3+ 12. Kf1 Qf5 13. h3 Nb4 14. Qc3 f6 15. hxg4 Qxg4 16. Bh3 Nh2+ 17. Rxh2 Qd1+ 18. Kg2 Qf3+ 19. Kg1 Qd1+ 20. Bf1 Nc2 21. Qb3 O-O-O 22. Ne2 Bb4 23. Nac3 Bxc3 24. Nxc3 Qg4 25. Bh3 Qxh3 26. Rxh3 Nxa1 27. Qd1 f5 28. b3 g5 29. Bb2 Nxb3 30. Qxb3 h5 31. Nd5 Rh7 32. Bf6 Rdd7 33. Bxg5 Rhg7 34. Bh4 Rdf7 35. Qa4 c6 36. Kg2 cxd5 37. Qe8+ Kc7 38. Bd8+ 1-0

[Event "26. Herner Stadtmeisterschaft 2025"]
[Site "?"]
[Date "2025.02.03"]
[Round "2.37"]
[White "Kümmel, Hans-Jürgen"]
[Black "Mayeres, Hans-Christian"]
[Result "0-1"]
[WhiteElo "1747"]
[BlackElo "1837"]
[PlyCount "78"]
[GameId "2141665039428312"]
[EventDate "2025.??.??"]
[WhiteTeam "SV Günnigfeld 1922 e."]
[BlackTeam "SC Recklinghausen Altsta"]

1. c4 e5 2. Nc3 Nf6 3. g3 c6 4. Bg2 d5 5. cxd5 cxd5 6. e3 Nc6 7. a3 a5 8. Nge2 Bc5 9. O-O O-O 10. d4 exd4 11. exd4 Ba7 12. Bg5 Be6 13. Rb1 h6 14. Bxf6 Qxf6 15. Nxd5 Bxd5 16. Bxd5 Rfd8 17. Bxc6 bxc6 18. b4 Rd5 19. Qc2 Rc8 20. Rbd1 axb4 21. axb4 Qd6 22. b5 Rxb5 23. Rb1 Rd5 24. Rb7 Bxd4 25. Nxd4 Rxd4 26. Qf5 Rf8 27. Qf3 Qd5 28. Qe3 Re4 29. Qc3 c5 30. Rc7 Rc4 31. Qe3 Qd6 32. Re7 Rd4 33. Re8 c4 34. Rxf8+ Kxf8 35. Re1 Qd7 36. Qa3+ Kg8 37. Qc3 Qd5 38. Re8+ Kh7 39. Re1 Rd3 0-1

[Event "26. Herner Stadtmeisterschaft 2025"]
[Site "?"]
[Date "2025.02.03"]
[Round "2.38"]
[White "Schneider, Timo"]
[Black "Preuß, Thorsten"]
[Result "1-0"]
[WhiteElo "1692"]
[BlackElo "1164"]
[PlyCount "51"]
[GameId "2141650142980221"]
[EventDate "2025.??.??"]
[WhiteTeam "SV Datteln 1924"]
[BlackTeam "Bochumer SV 02"]

1. c4 e5 2. Nc3 Nc6 3. g3 Nf6 4. Bg2 Bc5 5. e3 O-O 6. Nge2 Re8 7. O-O d6 8. d4 exd4 9. exd4 Bb4 10. a3 Bxc3 11. Nxc3 Bg4 12. Qd3 Rb8 13. Bg5 h6 14. Bd2 Qd7 15. Rae1 Bf5 16. Ne4 Nxe4 17. Bxe4 Bg4 18. Re3 Re6 19. Rfe1 Rbe8 20. d5 Ne5 21. dxe6 Nxd3 22. exd7 Bxd7 23. Bxd3 Rxe3 24. Rxe3 Kf8 25. Bc3 f6 26. Bg6 1-0

[Event "26. Herner Stadtmeisterschaft 2025"]
[Site "?"]
[Date "2025.02.03"]
[Round "2.39"]
[White "Breimann, Tobias"]
[Black "Krolik, Wilfried"]
[Result "0-1"]
[WhiteElo "1693"]
[BlackElo "1702"]
[PlyCount "96"]
[GameId "2141661730192056"]
[EventDate "2025.??.??"]
[WhiteTeam "SV Waltrop 1922 e. V."]
[BlackTeam "SV Waltrop 1922 e. V."]

1. e4 c5 2. c3 d6 3. d4 cxd4 4. cxd4 Nf6 5. Nc3 g6 6. f4 Bg7 7. Nf3 e6 8. Bd3 O-O 9. O-O Nc6 10. Be3 Re8 11. e5 Ng4 12. Qe1 dxe5 13. fxe5 Nxe3 14. Qxe3 a6 15. Bc2 b5 16. Rad1 Qb6 17. Ne4 Nb4 18. Bb1 Nd5 19. Qf2 Rf8 20. Qh4 Ne3 21. Nf6+ Bxf6 22. exf6 Nf5 23. Bxf5 exf5 24. Ne5 h5 25. h3 Re8 26. Kh1 Re6 27. g4 Rxf6 28. gxh5 gxh5 29. Qxh5 Bb7+ 30. Kh2 Qe6 31. Rg1+ Kf8 32. b3 Rc8 33. Rd2 Rc3 34. Rg3 Rxg3 35. Kxg3 Rh6 36. Qg5 f4+ 37. Kxf4 Qxh3 38. Qd8+ Kg7 39. Qg5+ Kh7 40. Qf5+ Qxf5+ 41. Kxf5 Bd5 42. Ng4 Be6+ 43. Kf4 Rh4 44. Rg2 f5 45. Ke5 Rxg4 46. Rh2+ Kg6 47. Kxe6 Rxd4 48. Rg2+ Rg4 0-1

[Event "26. Herner Stadtmeisterschaft 2025"]
[Site "?"]
[Date "2025.02.03"]
[Round "2.40"]
[White "Ponto, Michael"]
[Black "Malessa, Uwe"]
[Result "1-0"]
[WhiteElo "1833"]
[BlackElo "1465"]
[PlyCount "49"]
[GameId "2141650745247885"]
[EventDate "2025.??.??"]
[WhiteTeam "SV Horst-Emscher 1931"]
[BlackTeam "SV Erkenschwick 1923 e"]

1. c4 c5 2. Nf3 e6 3. e4 Nc6 4. Nc3 Nf6 5. d4 d5 6. e5 cxd4 7. exf6 dxc3 8. cxd5 cxb2 9. Bxb2 Bb4+ 10. Nd2 Qxd5 11. Qc2 b5 12. Qd3 a6 13. Qxd5 exd5 14. Bd3 Bxd2+ 15. Kxd2 O-O 16. fxg7 Re8 17. Rhe1 Be6 18. a4 Nb4 19. Bb1 bxa4 20. Rxa4 Nc6 21. Bd3 Rab8 22. Bf6 a5 23. Rh4 Rb2+ 24. Kc1 Rb1+ 25. Bxb1 1-0

[Event "26. Herner Stadtmeisterschaft 2025"]
[Site "?"]
[Date "2025.02.10"]
[Round "3.2"]
[White "Lang, Daniel"]
[Black "Wolff, Christoph"]
[Result "0-1"]
[WhiteElo "2135"]
[BlackElo "1986"]
[PlyCount "50"]
[GameId "2144191034314900"]
[EventDate "2025.??.??"]
[WhiteTeam "SV Wattenscheid 1930 e"]
[BlackTeam "SV Horst-Emscher 1931"]

1. d4 Nf6 2. c4 g6 3. Nc3 d5 4. Bf4 c6 5. e3 Bg7 6. Nf3 O-O 7. Be2 Nh5 8. Bg5 h6 9. Bh4 g5 10. Nd2 Nf4 11. exf4 gxh4 12. Nf3 dxc4 13. Ne5 Be6 14. Qd2 b5 15. O-O-O Bf5 16. g4 hxg3 17. hxg3 b4 18. Nb1 c3 19. bxc3 Bxb1 20. Kxb1 bxc3 21. Qxc3 Nd7 22. Ng4 Qb6+ 23. Qb3 Rab8 24. Qxb6 Rxb6+ 25. Kc2 c5 0-1

[Event "26. Herner Stadtmeisterschaft 2025"]
[Site "?"]
[Date "2025.02.10"]
[Round "3.3"]
[White "Werrn, Pascal"]
[Black "Cobanoglu, Ferhat"]
[Result "1-0"]
[WhiteElo "2169"]
[BlackElo "1888"]
[PlyCount "85"]
[GameId "2144204304671050"]
[EventDate "2025.??.??"]
[WhiteTeam "SK Sodingen/Castrop 24/23 e. V."]
[BlackTeam "SK Sodingen/Castrop 24/23 e. V."]

1. e4 e6 2. d4 d5 3. e5 c5 4. c3 Nc6 5. Nf3 a5 6. Bd3 c4 7. Be2 b5 8. b3 Ba6 9. a4 b4 10. bxc4 bxc3 11. c5 Bxe2 12. Qxe2 Rb8 13. Nxc3 Rb4 14. Nb5 h5 15. O-O Nh6 16. Bd2 Rc4 17. Rfc1 Rxc1+ 18. Rxc1 Nf5 19. Nd6+ Bxd6 20. cxd6 Qa8 21. Qb5 Kd7 22. Bxa5 Rb8 23. Bb6 g5 24. a5 g4 25. Ng5 Nfxd4 26. Qd3 Nf5 27. Nh7 Rxb6 28. Nf6+ Kd8 29. axb6 Nxe5 30. Qc3 Nc4 31. Nxd5 Qxd5 32. Qxc4 Nxd6 33. Qxd5 exd5 34. Rd1 Kd7 35. Rxd5 Kc6 36. Rxh5 Kxb6 37. Rg5 f5 38. h4 gxh3 39. gxh3 Kc5 40. h4 Kd4 41. h5 Ke5 42. h6 Kf6 43. Rg8 1-0